| 000 | 00830nam a2200277Ia 4500 | ||
|---|---|---|---|
| 003 | OSt | ||
| 005 | 20220925192811.0 | ||
| 006 | a|||||r|||| 00| 0 | ||
| 007 | ta | ||
| 008 | 220923b |||||||| |||| 00| 0 eng d | ||
| 020 | _a8170742277 | ||
| 037 | _cGeneral Book | ||
| 040 |
_aRTL _cRTL _beng |
||
| 041 |
_2eng _aeng |
||
| 082 | _aY:45:5.275.M6, P0 | ||
| 100 |
_aChattopadhyay Basudeb _92453 |
||
| 245 | 0 | _aCrime and control in early colonial Bengal 1770-18 | |
| 260 |
_aCalcutta _bK P Bagchi _c2000 |
||
| 300 |
_axvii, 215p _ccm. |
||
| 490 | _aUniversity of Calcutta, History (Deptt of-), Monograph; 21 | ||
| 500 | _aBibliography: P 195-208 | ||
| 650 | _a Sociology | ||
| 650 |
_aCrime _9237672 |
||
| 942 |
_hY:45:5.275.M6, P0 _cGB _2CC |
||
| 999 |
_c523407 _d523407 |
||